|
|
|
|
| LEADER |
00000nam a22000007a 4500 |
| 005 |
20120223121957.0 |
| 007 |
cr|||| |||| |
| 008 |
120223c20099999sp |||| s||||i0|||a0eng d |
| 035 |
|
|
|a 6018
|
| 040 |
|
|
|a vLex
|
| 090 |
|
|
|c 3028
|d 3028
|
| 245 |
0 |
0 |
|a General Court of the European Union
|h [Recurs electrṇic]
|
| 256 |
|
|
|a Servei en linia
|
| 260 |
|
|
|a Barcelona :
|b vLex
|
| 300 |
|
|
|a 1 recurs electrṇic
|
| 500 |
|
|
|a Aquesta font cont ̌les sentn̈cies dictades per la General Court of the European Union des de el 01/12/2009 en endavant. Les sentn̈cies anteriors a aquesta data es troben sota l'encapȧlament de Court of First Instance of the European Communities.
|
| 506 |
1 |
|
|a Contingut disponible en els productes indicats
|d vLex Global
|d vLex Global (Academic Edition, excluding Law Schools)
|d vLex Global (U.S. Academic Edition, Law Schools)
|d vLex Global (U.S. Academic Edition, excluding Law Schools)
|d vLex Global (Academic Edition, Law Schools)
|
| 610 |
2 |
|
|a General Court of the European Union
|
| 610 |
2 |
|
|a Uni ̤Europea
|
| 650 |
0 |
4 |
|a General Court of the European Union
|x Jurisprudn̈cia
|
| 650 |
0 |
4 |
|a Sentn̈cies
|
| 740 |
|
|
|a vLex Jurisprudn̈cia (Servei en linia)
|
| 780 |
|
0 |
|a Court of First Instance of the European Communities
|w 1691
|
| 856 |
4 |
0 |
|u http://vlex.com/source/general-court-european-union-6018
|z Acceso restringido
|
| 942 |
|
|
|c TR
|
| 999 |
0 |
|
|a Jurisprudence
|b European Union countries
|